[Event "IECG TE.2000.P.00405 email"]
[Site "IECG email"]
[Date "2000.07.15"]
[Round "?"]
[White "Horak, Jiri"]
[Black "Filipovic, Nebojsa"]
[Result "1-0"]
[WhiteElo "2256"]
[BlackElo "1600"]
[PlyCount "71"]
[EventDate "2000.07.15"]
[EventType "tourn (corr)"]
[EventRounds "12"]
[SourceTitle "Corr 2008"]
[Source "ChessBase"]
[SourceDate "2008.06.24"]
[SourceVersion "1"]
[SourceVersionDate "2008.06.24"]
[SourceQuality "1"]

1. e4 e5 2. Nf3 Nc6 3. Bc4 Nf6 4. Ng5 Bc5 5. Bxf7+ Ke7 6. Bb3 d5 7. exd5 Nd4 8. 0-0 Nxb3 9. axb3 Bg4 10. Qe1 Qd6 11. Nc3 Bd4 12. Nb5 Qb6 13. Nxd4 Qxd4 14. Ra4 Qxd5 15. d4 b5 16. dxe5 bxa4 17. Qb4+ c5 18. exf6+ gxf6 19. Qxg4 fxg5 20. Bxg5+ Kf7 21. Rd1 Rhe8 22. Be3 Qe5 23. Rd7+ Re7 24. Qf3+ Kg7 25. Rxe7+ Qxe7 26. Qxa8 axb3 27. cxb3 Qd7 28. g3 a5 29. Bxc5 Qd1+ 30. Kg2 Qxb3 31. Bd4+ Kf7 32. Qxa5 Qe6 33. Qc7+ Ke8 34. Qe5 Kd7 35. Qxe6+ Kxe6 36. b4 1-0

[Event "IECG CP.1999.P.00005"]
[Site "IECG email"]
[Date "1999.10.01"]
[Round "?"]
[White "Filipovic, Nebojsa"]
[Black "Jimenez Alonso, Julio"]
[Result "0-1"]
[WhiteElo "1600"]
[BlackElo "1941"]
[PlyCount "86"]
[EventDate "1999.10.01"]
[EventType "tourn (corr)"]
[EventRounds "6"]
[EventCountry "ESP"]
[SourceTitle "Corr 2008"]
[Source "ChessBase"]
[SourceDate "2008.06.24"]
[SourceVersion "1"]
[SourceVersionDate "2008.06.24"]
[SourceQuality "1"]

1. e4 c5 2. Nf3 d6 3. h3 Nf6 4. d3 Nc6 5. Bg5 e6 6. Be3 Be7 7. Be2 0-0 8. Qd2 d5 9. e5 Nd7 10. Bf4 f6 11. exf6 Bxf6 12. c3 e5 13. Bg5 Re8 14. 0-0 Nf8 15. Na3 Ne6 16. Bxf6 Qxf6 17. g3 b6 18. Nc2 Rf8 19. Bd1 e4 20. dxe4 dxe4 21. Nh2 Ba6 22. Ng4 Qd8 23. Qxd8 Raxd8 24. Re1 Ng5 25. h4 Nh3+ 26. Kg2 Nxf2 27. Nce3 Rd2 28. Kg1 Nh3+ 29. Kh1 h5 30. Bb3+ Kh8 31. Bc4 Bb7 32. Rf1 Rf3 33. Rxf3 exf3 34. Nf1 Rg2 35. Nfe3 Rxb2 36. Nd1 Re2 37. Nde3 hxg4 38. Bxe2 fxe2 39. Re1 Ne5+ 40. Ng2 Bf3 41. Kh2 Nd3 42. a3 Nxe1 43. Nxe1 Be4 0-1

[Event "IECG CP.1999.P.00005"]
[Site "IECG email"]
[Date "1999.10.01"]
[Round "?"]
[White "Filipovic, Nebojsa"]
[Black "Vio, Mauro"]
[Result "1-0"]
[WhiteElo "1600"]
[BlackElo "657"]
[PlyCount "85"]
[EventDate "1999.10.01"]
[EventType "tourn (corr)"]
[EventRounds "6"]
[EventCountry "ESP"]
[SourceTitle "Corr 2008"]
[Source "ChessBase"]
[SourceDate "2008.06.24"]
[SourceVersion "1"]
[SourceVersionDate "2008.06.24"]
[SourceQuality "1"]

1. e4 e5 2. Nf3 Nc6 3. Bb5 a6 4. Bxc6 dxc6 5. h3 Bc5 6. b3 Nf6 7. d3 Nd7 8. Bb2 Qe7 9. Nbd2 0-0 10. Nc4 f6 11. Qe2 b5 12. Ne3 g6 13. 0-0-0 Ba3 14. Bxa3 Qxa3+ 15. Kb1 Bb7 16. h4 c5 17. h5 g5 18. c3 Rad8 19. Nf5 b4 20. cxb4 cxb4 21. Rc1 Qa5 22. Qc2 Nb6 23. Qxc7 Rd7 24. Qc2 Qb5 25. Rhd1 Rc8 26. Qe2 Rxc1+ 27. Kxc1 Rc7+ 28. Kd2 Bc8 29. Ne3 Qc5 30. Ke1 Qc3+ 31. Kf1 Bd7 32. Kg1 Bb5 33. Nh2 Rc6 34. Nhg4 Qc5 35. Nh6+ Kh8 36. Nhf5 Rc7 37. Nc4 Bxc4 38. dxc4 Rd7 39. Rxd7 Nxd7 40. Qd2 Qc6 41. Ne7 Qc7 42. Qd5 Qd8 43. Qe6 1-0